Kanclerze Niemiec (od 1949) - Statystyki

Ogólne statystyki
  • Ten quiz został rozwiązany 276 razy
  • Średni wynik to 5 z 9
Statystyki odpowiedzi
Okres rządów Partia Imię i nazwisko % Poprawnych
2005-2021 CDU Angela Merkel
97%
2021- SPD Olaf Scholz
89%
1949-1963 CDU Konrad Adenauer
78%
1982-1998 CDU Helmut Kohl
70%
1998-2005 SPD Gerhard Schröder
60%
1969-1974 SPD Willi Brandt
53%
1963-1966 bezpartyjny Ludwig Erhard
30%
1974-1982 SPD Helmut Schmidt
29%
1966-1969 CDU Kurt Georg Kiesinger
15%
Nie znaleziono quizów pasujących do podanych kryteriów
Rozkład punktacji
Procent ludzi z każdym wynikiem
Percentyl według liczby udzielonych odpowiedzi
Twoja historia wyników
Nie rozwiązałeś tego quizu